| 000 | 00773nam a2200217 a 4500 | ||
|---|---|---|---|
| 008 | 110811s1995 sp ||||f |||| 001 0 spa d | ||
| 020 | _a8434527251 | ||
| 041 | _aspa | ||
| 092 |
_c616.025 _l42 _sJEN |
||
| 100 | 1 |
_aJenkins, Jon L. _9744 |
|
| 245 |
_aManual de Medicina de Urgencia _bDiagnóstico y tratamiento _cJon L. Jenkins |
||
| 250 |
_a1a ed. 3a reimp. _bTraducción Alberto Jornet Casas |
||
| 260 |
_aBarcelona : _bSalvat, _c1995 |
||
| 300 | _a569 p. | ||
| 653 | _aTrastornos medicos | ||
| 653 | _aTraumatismos | ||
| 653 | _aProblemas especiales en medicina y traumatología de urgencia | ||
| 700 | 1 |
_aLoscalzo, Joseph _9745 |
|
| 942 |
_2ddc _cBK |
||
| 952 |
_p2275 _40 _00 _bBFM _10 _o616.025 42 JEN _d2011-08-11 _tej.1 _70 _cCR _2ddc _yBK _aBFM |
||
| 999 |
_c887 _d887 |
||